|
|
|
|
| LEADER |
00857nam a22001937a 4500 |
| 008 |
140708b xxu||||| |||| 00| 0 eng d |
| 999 |
|
|
|c 7233
|d 7233
|
| 020 |
|
|
|a 9788171303748
|
| 082 |
|
|
|a 894.1307
|b VIJ/RAJ
|
| 100 |
|
|
|a രാജശേഖരന്, പി. കെ.
|
| 240 |
|
|
|a pithrughadikaram
|
| 245 |
|
|
|a പിതൃഘടികാരം : ഒ.വി. വിജയന്റെ കലയും ദര്ശനവും /
|c പി. കെ. രാജശേഖരന്
|
| 260 |
|
|
|a കോട്ടയം :
|c 1994. (1998)
|
| 300 |
|
|
|a 138p.
|
| 600 |
|
|
|a O. V. Vijayan
|
| 650 |
|
|
|2 Novel study
|
| 700 |
|
|
|a Rajashekharan, P. K.
|
| 942 |
|
|
|2 ddc
|c BK
|
| 952 |
|
|
|0 0
|1 0
|2 ddc
|4 0
|6 894_130700000000000_VIJRAJ
|7 0
|9 10236
|a MAIN
|b MAIN
|d 2014-07-08
|e Gift by Rajashekharan
|g 33.00
|l 19
|m 2
|o 894.1307 VIJ/RAJ
|p 6574
|q 2020-03-27
|r 2020-02-26
|s 2020-02-26
|t 1
|w 2014-07-08
|y BK
|